[Event "Hotel Montesano Open A"]
[Site "Villa San Giovanni ITA"]
[Date "2005.08.09"]
[Round "3"]
[White "Tomaselli, Maurizio"]
[Black "Nicoletti, Francesco"]
[Result "0-1"]
[WhiteElo "2065"]
[BlackElo "1903"]
[PlyCount "64"]
[EventDate "2005.08.07"]

1.e4 Nf6 2.Nc3 d5 3.e5 d4 4.exf6 dxc3 5.bxc3 exf6 6.d4 Bd6 7.Bd3 O-O 8.Ne2
f5 9.O-O g6 10.Qd2 Re8 11.c4 Bf8 12.Bb2 Bg7 13.Rae1 Nc6 14.c3 b6 15.f4 Ba6
16.Ba3 Na5 17.c5 Nc4 18.Qc1 Qd5 19.Rf2 Bb7 20.Bxc4 Qxc4 21.Ng3 Rxe1+ 22.
Qxe1 Bf8 23.Qe5 Qa4 24.Bb2 Re8 25.Qxc7 Ba6 26.h4 Qd1+ 27.Kh2 Qg4 28.Rf3 
Re7 29.Qc6 Bb7 30.Qf6 Bxf3 31.d5 Re2 32.Nxe2 Qxg2# 0-1

[Event "Hotel Montesano Open A"]
[Site "Villa San Giovanni ITA"]
[Date "2005.08.09"]
[Round "3"]
[White "Vespia, Gianmarco"]
[Black "Safranska, Anda"]
[Result "0-1"]
[WhiteElo "2003"]
[BlackElo "2291"]
[PlyCount "137"]
[EventDate "2005.08.07"]

1.e4 g6 2.d4 Bg7 3.c4 d6 4.Nc3 Nc6 5.Be3 e5 6.d5 Nd4 7.f4 c5 8.Nf3 a6 9.
fxe5 dxe5 10.Be2 Qd6 11.O-O Nf6 12.Kh1 O-O 13.b4 b6 14.bxc5 bxc5 15.Bd3 
Ng4 16.Bg1 Bh6 17.Qe1 Bd7 18.h3 Nf6 19.Bh2 Nxf3 20.Rxf3 Nh5 21.g4 Nf4 22.
Qf2 Rab8 23.Bg1 Rfc8 24.Bf1 Bg5 25.Bh2 Qe7 26.Bg3 Bf6 27.Rc1 Rb6 28.Rc2 
Rcb8 29.Kh2 Kg7 30.Rd2 Qd6 31.Rc2 Rh8 32.Kh1 h5 33.Bxf4 exf4 34.g5 Bxg5 
35.e5 Qxe5 36.Qxc5 Bd8 37.Re2 Qf6 38.Ne4 Qa1 39.Qf2 g5 40.Nxg5 Bxg5 41.
Qxb6 Bg4 42.hxg4 hxg4+ 43.Kg1 gxf3 44.Qb2+ Qxb2 45.Rxb2 Be7 46.Rh2 Bc5+ 
47.Kh1 Re8 48.Rh3 Re3 49.Kh2 Ra3 50.d6 Bxd6 51.Rh5 Rxa2+ 52.Kh3 Ra1 53.Bd3
Rg1 54.c5 Bc7 55.Bxa6 f2 56.Rd5 f1=Q+ 57.Bxf1 Rxf1 58.Rd7 Be5 59.Rd5 Kf6 
60.Kg2 Rc1 61.Kf3 Ke6 62.Rd8 Rxc5 63.Ke4 f5+ 64.Kf3 Rc3+ 65.Kf2 Bd6 66.
Re8+ Kd5 67.Rd8 f3 68.Ra8 Bc5+ 69.Kf1 0-1

[Event "Hotel Montesano Open A"]
[Site "Villa San Giovanni ITA"]
[Date "2005.08.10"]
[Round "4"]
[White "Aliferopulos, Andrea"]
[Black "Tomaselli, Maurizio"]
[Result "1/2-1/2"]
[WhiteElo "1909"]
[BlackElo "2065"]
[PlyCount "77"]
[EventDate "2005.08.07"]

1.e4 e5 2.Nf3 Nc6 3.Bb5 a6 4.Ba4 Nf6 5.O-O Be7 6.Re1 b5 7.Bb3 O-O 8.a4 b4 
9.d3 d6 10.h3 Be6 11.Bxe6 fxe6 12.Ng5 Qd7 13.c3 h6 14.Nf3 d5 15.Nbd2 Rf7 
16.Qe2 Nh5 17.Nf1 Raf8 18.N1h2 Bc5 19.Kh1 Nf4 20.Bxf4 Rxf4 21.Ng4 Qe8 22.
exd5 Qh5 23.Nfxe5 Nxe5 24.Nf6+ R8xf6 25.Qxh5 Nxd3 26.Rxe6 Nxf2+ 27.Kh2 
R6f5 28.Qe8+ Rf8 29.Qc6 Bd6 30.Rxd6 cxd6 31.Qxd6 R8f6 32.Qc7 Ne4 33.c4 Rf2
34.c5 Rg6 35.Rg1 Nd2 36.Kh1 Nf1 37.d6 Ng3+ 38.Kh2 Nf1+ 39.Kh1 1/2-1/2

[Event "Hotel Montesano Open A"]
[Site "Villa San Giovanni ITA"]
[Date "2005.08.10"]
[Round "4"]
[White "Altieri, Danilo Mario"]
[Black "Sardo, Gabriele"]
[Result "0-1"]
[WhiteElo "2012"]
[BlackElo "2222"]
[PlyCount "56"]
[EventDate "2005.08.07"]

1.d4 d5 2.Nf3 Nf6 3.c3 e6 4.Bf4 c5 5.e3 Nc6 6.Nbd2 Bd6 7.Bxd6 Qxd6 8.Bd3 
O-O 9.O-O e5 10.dxe5 Nxe5 11.Nxe5 Qxe5 12.Nf3 Qe7 13.h3 b6 14.Re1 Bb7 15.
Qe2 Rad8 16.Ba6 Ba8 17.Rad1 Rd6 18.c4 d4 19.exd4 Qxe2 20.Rxe2 Bxf3 21.gxf3
Rxd4 22.Red2 Rh4 23.Kg2 g5 24.b3 Nh5 25.Rh1 Nf4+ 26.Kg3 Re8 27.a3 h5 28.b4
Re1 0-1

[Event "Hotel Montesano Open A"]
[Site "Villa San Giovanni ITA"]
[Date "2005.08.10"]
[Round "4"]
[White "Blandini, Carmelo"]
[Black "Grimaldi, Fabio"]
[Result "1/2-1/2"]
[WhiteElo "1929"]
[BlackElo "1844"]
[PlyCount "119"]
[EventDate "2005.08.07"]

1.Nf3 f5 2.d4 Nf6 3.g3 e6 4.Bg2 d5 5.c4 c6 6.b3 Bd6 7.O-O Qe7 8.Bb2 O-O 9.
Nbd2 Bd7 10.Ne5 Be8 11.Ndf3 Bh5 12.Qc2 Ne4 13.e3 Nd7 14.Nxd7 Qxd7 15.Ne5 
Qe7 16.f3 Nf6 17.c5 Bc7 18.Rfc1 Rad8 19.b4 Bxe5 20.dxe5 Nd7 21.f4 Nb8 22.
Bd4 g5 23.a4 Be8 24.Bf1 g4 25.Rab1 Bd7 26.b5 Bc8 27.Qc3 Qc7 28.Rb2 Rf7 29.
Rcb1 a6 30.bxa6 Nxa6 31.Bxa6 bxa6 32.a5 Qa7 33.Rb6 Bb7 34.Qb4 Rdd7 35.h3 
gxh3 36.Kf2 Qa8 37.Rh1 h2 38.Rxh2 Rg7 39.Qb1 Qe8 40.Qh1 Rg4 41.Rh3 Qf8 42.
Qh2 Qd8 43.Rh4 Rxh4 44.Qxh4 Qxh4 45.gxh4 h5 46.Rb1 Rg7 47.Kf3 Kh7 48.Bc3 
Kg8 49.Rb2 Kf8 50.Be1 Ke8 51.Bg3 Kd8 52.Kf2 Kc8 53.Kg2 Rd7 54.Bf2 Kc7 55.
Kf3 Kc8 56.Bg1 Rg7 57.Bh2 Rg4 58.Bg3 Kc7 59.Rg2 Rg7 60.Kf2 1/2-1/2

[Event "Hotel Montesano Open A"]
[Site "Villa San Giovanni ITA"]
[Date "2005.08.10"]
[Round "4"]
[White "Borin, Fabio"]
[Black "Sgro', Ezio"]
[Result "0-1"]
[WhiteElo "2184"]
[BlackElo "1826"]
[PlyCount "108"]
[EventDate "2005.08.07"]

1.e4 e6 2.Nf3 d5 3.Nc3 c5 4.exd5 exd5 5.d4 Nc6 6.dxc5 Nf6 7.Bg5 Bxc5 8.
Bxf6 Qxf6 9.Nxd5 Qd6 10.Qe2+ Be6 11.O-O-O Nd4 12.Nxd4 Qxd5 13.Nxe6 Qxe6 
14.Qb5+ Qc6 15.Re1+ Kf8 16.Qxc6 bxc6 17.f3 g6 18.Ba6 Rb8 19.Re4 Rb6 20.Bc4
Kg7 21.c3 Rd8 22.b4 Bf8 23.Rd1 Rxd1+ 24.Kxd1 Rb7 25.Re5 Bd6 26.Re8 Bxh2 
27.Kc2 h5 28.a4 Bf4 29.Bd3 Kf6 30.a5 Re7 31.Ra8 Kg5 32.Be4 Rc7 33.a6 Kh4 
34.c4 Kg3 35.Bxc6 Kxg2 36.b5 h4 37.Rh8 h3 38.Kd3 h2 39.Ke4 g5 40.Kd5 Rc8 
41.Rh7 Rc7 42.c5 f5 43.Rxh2+ Kxh2 44.b6 Rh7 45.bxa7 Rxa7 46.Bb7 Rxb7 47.
axb7 g4 48.Kc6 gxf3 49.Kd7 f2 50.c6 f1=Q 51.c7 Qb5+ 52.Kd8 Qd5+ 53.Kc8 
Qg8+ 54.Kd7 Qf7+ 0-1

[Event "Hotel Montesano Open A"]
[Site "Villa San Giovanni ITA"]
[Date "2005.08.10"]
[Round "4"]
[White "Calzetta Ruiz, Monica"]
[Black "Cavallini, Gianfranco"]
[Result "1-0"]
[WhiteElo "2282"]
[BlackElo "2005"]
[PlyCount "83"]
[EventDate "2005.08.07"]

1.e4 e5 2.Nf3 Nc6 3.Bb5 a6 4.Ba4 Nf6 5.Qe2 d6 6.c3 Bd7 7.O-O Be7 8.Rd1 O-O
9.Bc2 Bg4 10.h3 Bh5 11.d3 Re8 12.Nbd2 d5 13.Nf1 Bxf3 14.Qxf3 d4 15.Ng3 g6 
16.a3 Bf8 17.Bb3 Bg7 18.Ne2 Qd6 19.g4 Qf8 20.cxd4 exd4 21.Qg3 Rad8 22.Bf4 
Rd7 23.Bxc7 h5 24.Bf4 h4 25.Qxh4 Nxe4 26.dxe4 d3 27.Bc4 Bxb2 28.Rab1 Red8 
29.Bxd3 Qxa3 30.Bg5 Ne5 31.Kg2 Nf3 32.Bxd8 Nxh4+ 33.Bxh4 Be5 34.Bc4 Rxd1 
35.Rxd1 Qa4 36.Rd8+ Kg7 37.Bd5 Qb5 38.Ng1 a5 39.Nf3 Bf4 40.Be7 f6 41.Rg8+ 
Kh7 42.Bxf6 1-0

[Event "Hotel Montesano Open A"]
[Site "Villa San Giovanni ITA"]
[Date "2005.08.10"]
[Round "4"]
[White "Caracci, Giuseppe"]
[Black "Vespia, Gianmarco"]
[Result "1/2-1/2"]
[WhiteElo "2064"]
[BlackElo "2003"]
[PlyCount "120"]
[EventDate "2005.08.07"]

1.d4 d5 2.Nf3 Nf6 3.c4 c6 4.e3 Bg4 5.Nc3 Bxf3 6.Qxf3 e6 7.Bd3 Be7 8.O-O 
O-O 9.Bd2 b6 10.Rad1 a5 11.cxd5 cxd5 12.e4 dxe4 13.Nxe4 Na6 14.Qh3 g6 15.
Be3 Nd5 16.Bd2 Nf6 17.Bh6 Re8 18.Ng5 Nc7 19.Nf3 Nfd5 20.Rfe1 Bf6 21.a3 Rc8
22.Ne5 Bh8 23.Qf3 Qe7 24.g3 Bg7 25.Bxg7 Kxg7 26.h4 h5 27.Qe2 Nf6 28.Nc4 
Ncd5 29.Qe5 Red8 30.Ne3 Qc7 31.Ba6 Ra8 32.Nxd5 Qxe5 33.dxe5 Nxd5 34.Bb7 
Rab8 35.Bxd5 exd5 36.Rd3 Rd7 37.Red1 Rbd8 38.Rb3 Rb8 39.Rb5 d4 40.Rd3 f6 
41.exf6+ Kxf6 42.Kf1 Rd6 43.a4 Rc8 44.Ke2 Rc2+ 45.Ke1 Rc4 46.Rdb3 d3 47.
Rc3 d2+ 48.Kd1 Rxa4 49.Ra3 Rc4 50.Rc3 Rxc3 51.bxc3 Ke6 52.f3 Kd7 53.g4 Kc6
54.c4 hxg4 55.fxg4 a4 56.h5 gxh5 57.gxh5 a3 58.Rb3 a2 59.Ra3 Kc5 60.Rxa2 
Kxc4 1/2-1/2

[Event "Hotel Montesano Open A"]
[Site "Villa San Giovanni ITA"]
[Date "2005.08.10"]
[Round "4"]
[White "Dini, Andrea"]
[Black "Pegoraro, Nicola"]
[Result "0-1"]
[WhiteElo "1875"]
[BlackElo "2085"]
[PlyCount "84"]
[EventDate "2005.08.07"]

1.d4 f5 2.e4 fxe4 3.Nc3 Nf6 4.Bg5 c6 5.Bxf6 exf6 6.Nxe4 d5 7.Ng3 Qe7+ 8.
Qe2 Na6 9.O-O-O Qxe2 10.Bxe2 Be6 11.Re1 Kd7 12.Nf3 Bd6 13.c3 g6 14.Bd3 Nc7
15.h3 Bf7 16.Kb1 Ne6 17.Ne2 Rae8 18.g3 Ng7 19.Nc1 Be6 20.a3 Bc7 21.Nb3 b6 
22.Nbd2 Bf5 23.Bxf5+ Nxf5 24.Rxe8 Rxe8 25.Re1 Rxe1+ 26.Nxe1 Nd6 27.Kc2 Ne4
28.Nxe4 dxe4 29.Kd2 Ke6 30.c4 a5 31.a4 Bd6 32.Nc2 Bf8 33.Ke3 f5 34.g4 Bh6+
35.f4 g5 36.d5+ cxd5 37.Nd4+ Kf6 38.Nxf5 gxf4+ 39.Ke2 Bf8 40.cxd5 Ke5 41.
h4 Kxd5 42.h5 Ke5 0-1

[Event "Hotel Montesano Open A"]
[Site "Villa San Giovanni ITA"]
[Date "2005.08.10"]
[Round "4"]
[White "Drazic, Sinisa"]
[Black "Sarno, Spartaco"]
[Result "1-0"]
[WhiteElo "2497"]
[BlackElo "2371"]
[PlyCount "63"]
[EventDate "2005.08.07"]

1.d4 g6 2.c4 Nf6 3.Nc3 Bg7 4.Nf3 O-O 5.e4 d6 6.Be2 e5 7.O-O Nc6 8.d5 Ne7 
9.Ne1 Ne8 10.Nd3 f5 11.Bd2 Nf6 12.f3 f4 13.c5 Kh8 14.Rc1 Neg8 15.Nb5 Rf7 
16.Qb3 g5 17.Rc2 Bf8 18.Rfc1 Ne8 19.cxd6 Bxd6 20.Ba5 b6 21.Be1 Rg7 22.Qc3 
a6 23.Na3 g4 24.Nc4 Nh6 25.Ncxe5 Nf6 26.Bh4 Qf8 27.Nc4 Nh5 28.Nxd6 Qxd6 
29.Qc6 Qxc6 30.Rxc6 gxf3 31.Bxf3 Bg4 32.Kh1 1-0

[Event "Hotel Montesano Open A"]
[Site "Villa San Giovanni ITA"]
[Date "2005.08.10"]
[Round "4"]
[White "Estremera Panos, Sergio"]
[Black "Manca, Federico"]
[Result "0-1"]
[WhiteElo "2367"]
[BlackElo "2390"]
[PlyCount "64"]
[EventDate "2005.08.07"]

1.d4 d5 2.c4 e6 3.Nf3 c5 4.cxd5 exd5 5.g3 Nf6 6.Bg2 Be7 7.O-O O-O 8.Nc3 
Nc6 9.Bg5 cxd4 10.Nxd4 h6 11.Be3 Re8 12.Qb3 Na5 13.Qc2 Nc4 14.Bc1 Be6 15.
b3 Ne5 16.Bb2 Rc8 17.Qd1 Bg4 18.h3 Bh5 19.Nf5 Bb4 20.Nxd5 Nxd5 21.Bxd5 Qg5
22.Ne3 Bc5 23.Kh2 Bxe3 24.fxe3 Qxe3 25.Qd4 Qxd4 26.Bxd4 Rcd8 27.e4 Nf3+ 
28.Rxf3 Bxf3 29.Rf1 Bh5 30.g4 Bg6 31.h4 Rd7 32.Rf4 Rxe4 0-1

[Event "Hotel Montesano Open A"]
[Site "Villa San Giovanni ITA"]
[Date "2005.08.10"]
[Round "4"]
[White "Falcomata', Gesualdo"]
[Black "Cordi', Domenico"]
[Result "1-0"]
[WhiteElo "1918"]
[BlackElo "2086"]
[PlyCount "67"]
[EventDate "2005.08.07"]

1.c4 Nf6 2.Nc3 g6 3.g3 Bg7 4.Bg2 O-O 5.Nf3 d5 6.cxd5 Nxd5 7.O-O e5 8.Qb3 
c6 9.d3 h6 10.Nh4 Nb6 11.Ne4 Be6 12.Qc2 Na6 13.Be3 Nd5 14.Bc5 Nxc5 15.Nxc5
Bc8 16.e4 Nf4 17.Bf3 Qf6 18.Kh1 Rd8 19.Rad1 b6 20.Nb3 Ba6 21.gxf4 Qxh4 22.
f5 Qf4 23.Qe2 Rd6 24.Rg1 h5 25.Rg3 Rad8 26.Nc1 Kh7 27.Rdg1 h4 28.Rg4 Qh6 
29.Qf1 Bf8 30.Be2 Be7 31.f4 exf4 32.e5 Rd4 33.f6 Bf8 34.Bf3 1-0

[Event "Hotel Montesano Open A"]
[Site "Villa San Giovanni ITA"]
[Date "2005.08.10"]
[Round "4"]
[White "Forlano, Luigi"]
[Black "Guidi, Maurizio"]
[Result "1-0"]
[WhiteElo "1909"]
[BlackElo "2079"]
[PlyCount "109"]
[EventDate "2005.08.07"]

1.c4 Nf6 2.Nc3 g6 3.g3 Bg7 4.Bg2 O-O 5.Rb1 d6 6.e4 e5 7.d3 a5 8.Nge2 Na6 
9.O-O Nc5 10.b3 c6 11.a3 Bd7 12.b4 axb4 13.axb4 Ne6 14.Qb3 Qc7 15.Bd2 Rfd8
16.Ra1 b5 17.cxb5 cxb5 18.Rxa8 Rxa8 19.Be3 Bc6 20.d4 exd4 21.Nxd4 Nxd4 22.
Bxd4 Qb7 23.Qc2 Re8 24.f3 h5 25.Ra1 Ra8 26.Rxa8+ Qxa8 27.Qa2 Qb7 28.Qd2 
Qa6 29.Qa2 Qb7 30.Qd2 h4 31.g4 Qb8 32.Bf1 Nd7 33.Bxg7 Kxg7 34.Qd4+ Kg8 35.
f4 Nf8 36.f5 gxf5 37.gxf5 Qd8 38.Nxb5 Qg5+ 39.Kh1 Qf4 40.Bd3 Qc1+ 41.Qg1+ 
Qxg1+ 42.Kxg1 d5 43.exd5 Bxd5 44.Kf2 Kg7 45.Ke3 Kf6 46.Kd4 Bg2 47.Nc7 Ke7 
48.Be4 h3 49.Nd5+ Kd6 50.Ne3 Bxe4 51.Kxe4 Nh7 52.Nc4+ Ke7 53.Kf4 Kf6 54.
Nd2 Ke7 55.Ne4 1-0

[Event "Hotel Montesano Open A"]
[Site "Villa San Giovanni ITA"]
[Date "2005.08.10"]
[Round "4"]
[White "Guliyev, Namig"]
[Black "Scharrer, Patrick"]
[Result "1-0"]
[WhiteElo "2555"]
[BlackElo "2209"]
[PlyCount "137"]
[EventDate "2005.08.07"]

1.e4 c5 2.Nf3 Nc6 3.d4 cxd4 4.Nxd4 g6 5.Nc3 Bg7 6.Be3 Nf6 7.Nxc6 bxc6 8.e5
Ng8 9.Bd4 c5 10.Bxc5 Qc7 11.Bd4 Bxe5 12.Qd2 Nf6 13.O-O-O Bxd4 14.Qxd4 O-O 
15.h4 Qb6 16.Qxb6 axb6 17.Bb5 Bb7 18.Rhe1 e6 19.f3 d5 20.a4 Rfc8 21.Rd4 
Ba6 22.Kd2 Bxb5 23.Nxb5 Nd7 24.b3 Rc5 25.c3 Nb8 26.h5 Kg7 27.hxg6 hxg6 28.
Rh4 Nd7 29.Kc2 e5 30.Kb2 Re8 31.g4 e4 32.f4 e3 33.g5 Rc6 34.Reh1 Nf8 35.
Nd4 e2 36.Nxc6 e1=Q 37.Rxe1 Rxe1 38.Nd4 Re4 39.Nb5 Ne6 40.Nd6 Re2+ 41.Ka3 
Re3 42.Ne8+ Kf8 43.Nf6 Rd3 44.Nd7+ Ke7 45.Nxb6 d4 46.Rh1 dxc3 47.Rc1 Nxf4 
48.a5 Kd8 49.a6 Nd5 50.Nxd5 Rxd5 51.b4 Kc7 52.Kb3 Rxg5 53.Ra1 Kb8 54.Kxc3 
Re5 55.Kc4 Re4+ 56.Kc5 Re5+ 57.Kb6 Re6+ 58.Ka5 f5 59.Rh1 f4 60.Rh8+ Ka7 
61.Rh7+ Ka8 62.b5 Re8 63.Rf7 g5 64.b6 Re5+ 65.Kb4 Re4+ 66.Kc5 Re5+ 67.Kc6 
Re8 68.a7 f3 69.Kb5 1-0

[Event "Hotel Montesano Open A"]
[Site "Villa San Giovanni ITA"]
[Date "2005.08.10"]
[Round "4"]
[White "Hirneise, Jens"]
[Black "Pattarello, Pierluigi"]
[Result "1-0"]
[WhiteElo "2001"]
[BlackElo "2006"]
[PlyCount "115"]
[EventDate "2005.08.07"]

1.e4 e6 2.d4 d5 3.exd5 exd5 4.Nf3 Nf6 5.Bd3 Bd6 6.O-O O-O 7.Bg5 Bg4 8.Nbd2
Nbd7 9.c3 c6 10.Qc2 Qc7 11.Rfe1 Rfe8 12.Bh4 Bh5 13.Bg3 Bg6 14.Bxg6 hxg6 
15.Bxd6 Qxd6 16.Qd3 Nf8 17.Ne5 Ne6 18.g3 Re7 19.Re3 c5 20.dxc5 Nxc5 21.Qd4
Ne6 22.Qh4 Rae8 23.Rae1 Qb6 24.Nb3 Ne4 25.Nd3 Nd6 26.Qb4 Qc7 27.Re5 Nd8 
28.Rxe7 Rxe7 29.Rxe7 Qxe7 30.Qa5 Nc6 31.Qxd5 Ne4 32.Nd4 Nf6 33.Nxc6 Nxd5 
34.Nxe7+ Nxe7 35.Kg2 f6 36.Kf3 Kf7 37.Ke4 b6 38.Nf4 g5 39.Nd5 Nc6 40.Nc7 
Ne5 41.h3 Nc4 42.b3 Nd6+ 43.Kd5 Ke7 44.c4 Kd7 45.Nb5 Nc8 46.Nd4 g6 47.Nc6 
a5 48.c5 bxc5 49.Nxa5 Nd6 50.Nc4 Nb5 51.Nb6+ Kd8 52.Na4 Nd4 53.Nxc5 Ne2 
54.Ke6 f5 55.Kf6 g4 56.h4 Nc3 57.Kxg6 Nxa2 58.h5 1-0

[Event "Hotel Montesano Open A"]
[Site "Villa San Giovanni ITA"]
[Date "2005.08.10"]
[Round "4"]
[White "Hirneise, Tobias"]
[Black "Rosolia, Giuseppe"]
[Result "1-0"]
[WhiteElo "2131"]
[BlackElo "1829"]
[PlyCount "47"]
[EventDate "2005.08.07"]

1.e4 e5 2.Nf3 d6 3.d4 Nd7 4.Nc3 Be7 5.Bc4 Ngf6 6.O-O O-O 7.Re1 c6 8.a4 Qc7
9.h3 b6 10.dxe5 dxe5 11.Bg5 Re8 12.Nh4 Nc5 13.Qf3 Ne6 14.Be3 Nd4 15.Bxd4 
exd4 16.e5 Rf8 17.exf6 Bxf6 18.Nf5 Bxf5 19.Qxf5 dxc3 20.Bd3 g6 21.Qxf6 
cxb2 22.Qxb2 c5 23.Qe5 Rac8 24.Bc4 1-0

[Event "Hotel Montesano Open A"]
[Site "Villa San Giovanni ITA"]
[Date "2005.08.10"]
[Round "4"]
[White "Naumkin, Igor"]
[Black "Rombaldoni, Denis"]
[Result "1-0"]
[WhiteElo "2444"]
[BlackElo "2327"]
[PlyCount "67"]
[EventDate "2005.08.07"]

1.d4 Nf6 2.c4 e6 3.g3 d5 4.Nf3 a6 5.Nbd2 dxc4 6.Nxc4 c5 7.Bg2 Nc6 8.Be3 
Nd5 9.O-O b5 10.Nce5 Nxe5 11.Nxe5 c4 12.Bd2 Bb7 13.e4 Nf6 14.d5 Qc7 15.Bc3
Bc5 16.Ng4 Nxe4 17.Bxe4 O-O-O 18.Bxg7 Bxd5 19.Qf3 Rhg8 20.Bf6 Qb7 21.Bxd5 
Rxd5 22.Bc3 Rd3 23.Qxb7+ Kxb7 24.Nf6 Rgd8 25.Nxh7 b4 26.Bf6 R8d5 27.Rac1 
b3 28.a3 e5 29.Rxc4 Rd2 30.Bg5 Rxb2 31.Nf6 Rxf2 32.Rxf2 b2 33.Rb4+ Bxb4 
34.Rxb2 1-0

[Event "Hotel Montesano Open A"]
[Site "Villa San Giovanni ITA"]
[Date "2005.08.10"]
[Round "4"]
[White "Nicoletti, Francesco"]
[Black "Gangemi, Salvatore"]
[Result "1-0"]
[WhiteElo "1903"]
[BlackElo "2104"]
[PlyCount "127"]
[EventDate "2005.08.07"]

1.Nf3 Nf6 2.c4 g6 3.Nc3 Bg7 4.g3 O-O 5.Bg2 d6 6.O-O c6 7.d3 Bg4 8.Rb1 Qd7 
9.Re1 Bh3 10.Bh1 h6 11.e4 e5 12.d4 exd4 13.Nxd4 Ng4 14.f3 Ne5 15.b3 h5 16.
Be3 Na6 17.Qd2 Kh7 18.Rbd1 Nc5 19.Nc2 Rad8 20.Bd4 Qe7 21.Bg2 Bxg2 22.Kxg2 
h4 23.Rf1 Rh8 24.Qe2 Ne6 25.Bxa7 Kg8 26.Be3 hxg3 27.hxg3 Nxf3 28.Qxf3 Bxc3
29.Bb6 Be5 30.Bxd8 Nxd8 31.Rh1 Rxh1 32.Rxh1 Ne6 33.Qg4 Bg7 34.Ne3 Ng5 35.
Rh4 Qe5 36.Nd1 Qa5 37.Nf2 Ne6 38.Qe2 Qc3 39.Rh1 Be5 40.Qf3 Qb2 41.a4 Bd4 
42.Rf1 Ng5 43.Qd3 c5 44.Qb1 Qd2 45.Qc1 Nxe4 46.Qxd2 Nxd2 47.Rd1 Nxb3 48.
Ne4 d5 49.cxd5 c4 50.d6 Kf8 51.Nd2 Bb6 52.Nxc4 Bd8 53.Rb1 Nc5 54.Rb5 Nxa4 
55.Rxb7 Nc5 56.Rb8 Ne6 57.Kf3 f5 58.Ne5 g5 59.Ke3 f4+ 60.gxf4 gxf4+ 61.Ke4
Kg7 62.Rb7+ Kf6 63.Rf7+ Kg5 64.Kd5 1-0

[Event "Hotel Montesano Open A"]
[Site "Villa San Giovanni ITA"]
[Date "2005.08.10"]
[Round "4"]
[White "Panarello, Giuseppe"]
[Black "Seminara, Antonio"]
[Result "1-0"]
[WhiteElo "2006"]
[BlackElo "1907"]
[PlyCount "77"]
[EventDate "2005.08.07"]

1.d4 c5 2.c3 g6 3.Nf3 Bg7 4.Bf4 Nf6 5.e3 Qb6 6.Qb3 Qxb3 7.axb3 cxd4 8.exd4
d6 9.h3 Nc6 10.Bd3 O-O 11.O-O Nd5 12.Bh2 Bd7 13.b4 a6 14.Re1 Rfe8 15.Nbd2 
b5 16.Nb3 Nb6 17.Nfd2 f5 18.Nf3 Na4 19.Re2 e5 20.dxe5 dxe5 21.Bb1 e4 22.
Nfd4 Nxd4 23.Nxd4 Bxd4 24.Ba2+ Be6 25.Bxe6+ Rxe6 26.cxd4 Rc6 27.d5 Rcc8 
28.d6 Nb6 29.f3 exf3 30.gxf3 Re8 31.Rae1 Rxe2 32.Rxe2 Rd8 33.b3 Rd7 34.Ra2
Ra7 35.Kg2 Nc8 36.Bg1 Rd7 37.Bc5 Nxd6 38.Rd2 Re7 39.Rxd6 1-0

[Event "Hotel Montesano Open A"]
[Site "Villa San Giovanni ITA"]
[Date "2005.08.10"]
[Round "4"]
[White "Safranska, Anda"]
[Black "Bartolozzi, Roberto"]
[Result "1/2-1/2"]
[WhiteElo "2291"]
[BlackElo "2126"]
[PlyCount "106"]
[EventDate "2005.08.07"]

1.e4 e6 2.d3 d5 3.Nd2 c5 4.Ngf3 Nc6 5.g3 Bd6 6.Bg2 Nge7 7.O-O O-O 8.Re1 f5
9.c3 f4 10.e5 Bc7 11.Nb3 fxg3 12.hxg3 b6 13.d4 cxd4 14.Nbxd4 Nxd4 15.cxd4 
Bd7 16.Bd2 Rc8 17.Rc1 Nc6 18.Qe2 b5 19.Qd3 Bb6 20.a3 Qe7 21.Be3 Na5 22.
Rxc8 Rxc8 23.Ng5 g6 24.Nf3 Nc4 25.Bg5 Qf8 26.Qb3 Na5 27.Qd3 Nc4 28.Bc1 Qf5
29.Bf1 Rf8 30.Qxf5 gxf5 31.Bd3 Rc8 32.Kg2 Na5 33.Rh1 Kg7 34.Bh6+ Kg8 35.
Be3 Kg7 36.g4 Nc4 37.Bh6+ Kg8 38.gxf5 exf5 39.Rh5 Kf7 40.Bxf5 Rg8+ 41.Kf1 
Bxf5 42.Rxf5+ Ke8 43.Bg5 Nxb2 44.e6 Rf8 45.Rxf8+ Kxf8 46.e7+ Ke8 47.Nh4 h6
48.Bf6 Nc4 49.Nf5 Kd7 50.Ke2 Bc7 51.Ng7 Nd6 52.Bh4 Ne8 53.Nf5 Bd6 1/2-1/2

[Event "Hotel Montesano Open A"]
[Site "Villa San Giovanni ITA"]
[Date "2005.08.10"]
[Round "4"]
[White "Santagati, Alessandro"]
[Black "Lupo, Francesco"]
[Result "1-0"]
[WhiteElo "2092"]
[BlackElo "1891"]
[PlyCount "53"]
[EventDate "2005.08.07"]

1.d4 d6 2.Nf3 Bg4 3.c4 Nd7 4.Nc3 g6 5.Nd2 e5 6.d5 Nc5 7.f3 Bd7 8.b4 Na6 9.
a3 f5 10.Nb3 Bg7 11.e4 Nf6 12.Bg5 h6 13.Bh4 g5 14.Bf2 O-O 15.Be2 g4 16.O-O
gxf3 17.Bxf3 fxe4 18.Nxe4 Nxe4 19.Bxe4 Rf4 20.Qd3 Qe7 21.Be3 Rxf1+ 22.Rxf1
Nb8 23.Rf3 Be8 24.Rh3 Bd7 25.Rg3 Qf6 26.Rg6 Qh4 27.g3 1-0

[Event "Hotel Montesano Open A"]
[Site "Villa San Giovanni ITA"]
[Date "2005.08.10"]
[Round "4"]
[White "Tirrito, Luca"]
[Black "Mihalj, Miroslav M."]
[Result "0-1"]
[WhiteElo "2140"]
[BlackElo "2298"]
[PlyCount "92"]
[EventDate "2005.08.07"]

1.e4 Nf6 2.d3 e5 3.Nf3 Nc6 4.Be2 Be7 5.O-O O-O 6.Re1 h6 7.a3 a5 8.h3 d6 9.
Be3 d5 10.exd5 Nxd5 11.Bd2 Re8 12.c4 Nf6 13.Nc3 Bc5 14.Bf1 Bf5 15.Ne4 Bxe4
16.dxe4 Nd4 17.Bc3 Nxf3+ 18.Qxf3 Bd4 19.Rad1 c5 20.Bxd4 cxd4 21.b4 b6 22.
c5 axb4 23.axb4 bxc5 24.bxc5 Qa5 25.c6 Rec8 26.Bc4 Rxc6 27.Bd5 Rc3 28.Qf5 
Re8 29.Ra1 Ra3 30.Rxa3 Qxa3 31.Rb1 Nxd5 32.exd5 Qd6 33.Qe4 Rd8 34.Rb5 Qa6 
35.Qb1 Qa8 36.f3 Qa3 37.Rb3 Qc5 38.Rb5 Qc4 39.d6 d3 40.Rb8 Qd4+ 41.Kf1 
Qxd6 42.Rxd8+ Qxd8 43.Ke1 Qa5+ 44.Kd1 Qc3 45.Qc1 Qxc1+ 46.Kxc1 f5 0-1

[Event "Hotel Montesano Open A"]
[Site "Villa San Giovanni ITA"]
[Date "2005.08.10"]
[Round "4"]
[White "Tricomi, Massimo"]
[Black "Ammendolea, Massimo"]
[Result "0-1"]
[WhiteElo "1943"]
[BlackElo "1871"]
[PlyCount "94"]
[EventDate "2005.08.07"]

1.d4 Nf6 2.Nf3 e6 3.c4 Bb4+ 4.Bd2 Bxd2+ 5.Nbxd2 c5 6.e3 b6 7.Bd3 Bb7 8.Qc2
Nc6 9.O-O Nb4 10.Qc3 Nxd3 11.Qxd3 cxd4 12.Nxd4 O-O 13.e4 d5 14.cxd5 exd5 
15.e5 Ne4 16.f3 Nc5 17.Qe3 Ba6 18.Rfd1 Nd3 19.Rab1 Qe7 20.f4 Qh4 21.N2f3 
Qg4 22.Rxd3 Bxd3 23.Qxd3 Qxf4 24.Nc6 Rfe8 25.Qxd5 Qe3+ 26.Kh1 Rac8 27.Rd1 
Qe2 28.Ng5 Qh5 29.e6 fxe6 30.Qd7 Qxg5 31.Rf1 Rf8 32.Qxe6+ Kh8 33.Re1 Qf6 
34.Qxf6 Rxf6 35.Nxa7 Rcf8 36.Kg1 Rf2 37.Rb1 Rc2 38.Re1 Rxb2 39.a3 h6 40.
Nc6 Rff2 41.Nb4 Rxg2+ 42.Kh1 Rxh2+ 43.Kg1 Rbg2+ 44.Kf1 Rg3 45.Nd5 Rxa3 46.
Nxb6 Rh1+ 47.Kf2 Ra2+ 0-1

[Event "Hotel Montesano Open A"]
[Site "Villa San Giovanni ITA"]
[Date "2005.08.10"]
[Round "4"]
[White "Vocaturo, Daniele"]
[Black "Rombaldoni, Axel"]
[Result "1-0"]
[WhiteElo "2372"]
[BlackElo "2137"]
[PlyCount "105"]
[EventDate "2005.08.07"]

1.e4 c5 2.Nf3 Nc6 3.d4 cxd4 4.Nxd4 Nf6 5.Nc3 d6 6.Bg5 e6 7.Qd2 a6 8.O-O-O 
Bd7 9.f4 Be7 10.Nf3 b5 11.Bxf6 gxf6 12.Kb1 Qb6 13.f5 O-O-O 14.fxe6 fxe6 
15.g3 Kb8 16.Bh3 Bc8 17.Qe1 Rhe8 18.Ne2 Bf8 19.Rf1 Bg7 20.Nf4 Bh8 21.c3 
Na5 22.Nd4 d5 23.Nfxe6 Bxe6 24.Nxe6 Rxe6 25.Bxe6 Qxe6 26.exd5 Qxe1 27.
Rfxe1 Kc7 28.d6+ Kc6 29.d7 h5 30.Re8 Kc7 31.Rde1 Bg7 32.Rxd8 Kxd8 33.Re6 
Kxd7 34.Rxa6 Nb7 35.Ra8 f5 36.Ra6 h4 37.Rg6 Be5 38.gxh4 Ke7 39.h5 Kf7 40.
Rg2 Bg7 41.Kc2 Nc5 42.Rg5 Kf6 43.Rg6+ Kf7 44.Rb6 Ne6 45.Rxb5 Kf6 46.a4 Bh6
47.a5 Be3 48.Kd3 f4 49.Ke2 Ng5 50.h6 Nh3 51.h7 Ng1+ 52.Kf1 Kg7 53.Rg5+ 1-0

[Event "Hotel Montesano Open A"]
[Site "Villa San Giovanni ITA"]
[Date "2005.08.10"]
[Round "4"]
[White "Xia, Jie"]
[Black "Todarello, Giovanni"]
[Result "1/2-1/2"]
[WhiteElo "2121"]
[BlackElo "1807"]
[PlyCount "99"]
[EventDate "2005.08.07"]

1.e4 c5 2.Nf3 d6 3.d4 cxd4 4.Nxd4 Nf6 5.f3 a6 6.c4 e6 7.Be3 Be7 8.Be2 O-O 
9.Nc3 Qc7 10.Qd2 Nbd7 11.O-O b6 12.Rac1 Bb7 13.Rfd1 Rac8 14.Bf1 Nc5 15.Qf2
Rfd8 16.b4 Ncd7 17.Nb3 Re8 18.Na4 Bd8 19.Rd2 Bc6 20.Nc3 Bb7 21.Rdc2 Qb8 
22.Na4 Bc7 23.g3 Bc6 24.Nb2 b5 25.Nd4 Ne5 26.Nxc6 Nxc6 27.a3 Ne5 28.Kh1 
Qb7 29.cxb5 axb5 30.h3 d5 31.exd5 Nxd5 32.Bd4 Ra8 33.Bg2 Bd6 34.f4 Ng6 35.
Rc6 Red8 36.f5 Nge7 37.fxe6 fxe6 38.Qe2 Qd7 39.Qg4 Nxc6 40.Rxc6 g6 41.Nd3 
Rxa3 42.Be5 Bxe5 43.Nxe5 Ne3 44.Qf4 Nxg2 45.Qf6 Qd5 46.Rc5 Rf8 47.Ng4 Rxf6
48.Nxf6+ Kf7 49.Nxd5 exd5 50.Kxg2 1/2-1/2

[Event "Hotel Montesano Open A"]
[Site "Villa San Giovanni ITA"]
[Date "2005.08.11"]
[Round "5"]
[White "Ammendolea, Massimo"]
[Black "Altieri, Danilo Mario"]
[Result "0-1"]
[WhiteElo "1871"]
[BlackElo "2012"]
[PlyCount "66"]
[EventDate "2005.08.07"]

1.e4 d5 2.exd5 Nf6 3.Bc4 Nxd5 4.Nc3 c6 5.Qf3 e6 6.Qg3 g6 7.Nge2 Bg7 8.d3 
Nd7 9.O-O N7b6 10.Bb3 O-O 11.Ne4 Qc7 12.Qh4 Qe7 13.Bg5 f6 14.Bd2 f5 15.Bg5
Qc7 16.N4c3 e5 17.Rae1 Be6 18.f4 Bf7 19.Rf3 Rae8 20.Ref1 Nxc3 21.Nxc3 Bxb3
22.axb3 Nd5 23.Rh3 h5 24.fxe5 Nxc3 25.bxc3 Qxe5 26.Qc4+ Qe6 27.Qb4 Qe2 28.
Qxb7 Bxc3 29.Qxa7 Qg4 30.Be3 f4 31.Bd4 Rf7 32.Qc5 f3 33.Rhxf3 Bxd4+ 0-1